| 000 | 00000nam 2200000zi 4500 |
| 001 | 9.944598 |
| 003 | CaOODSP |
| 005 | 20250130105459 |
| 006 | m o d f |
| 007 | cr mn||||||||| |
| 008 | 241029t20242024oncab ob f000 0 eng d |
| 020 | |a9780660742281 |
| 040 | |aCaOODSP|beng|erda|cCaOODSP |
| 043 | |an-cn---|ar------ |
| 086 | 1 |aFR5-236/2024E-PDF |
| 245 | 00|aCanada's Arctic foreign policy. |
| 264 | 1|a[Ottawa] : |bGovernment of Canada = Gouvernement du Canada, |c[2024] |
| 264 | 4|c©2024 |
| 300 | |a1 online resource (49 pages) : |bcolour illustrations, colour map |
| 336 | |atext|btxt|2rdacontent |
| 337 | |acomputer|bc|2rdamedia |
| 338 | |aonline resource|bcr|2rdacarrier |
| 500 | |aIssued also in French under title: La politique étrangère du Canada pour l'Arctique. |
| 504 | |aIncludes bibliographical references. |
| 651 | 0|aCanada|xForeign relations|zArctic regions. |
| 651 | 0|aArctic regions|xForeign relations|zCanada. |
| 651 | 0|aCanada, Northern|xInternational status. |
| 710 | 1 |aCanada. |bGlobal Affairs Canada, |eissuing body. |
| 775 | 08|tLa politique étrangère du Canada pour l'Arctique.|w(CaOODSP)9.944599 |
| 776 | 0#|tCanada's Arctic foreign policy.|w(CaOODSP)9.947337 |
| 856 | 40|qPDF|s6.18 MB|uhttps://publications.gc.ca/collections/collection_2025/amc-gac/FR5-236-2024-eng.pdf |
| 856 | 4 |qHTML|sN/A|uhttps://www.international.gc.ca/gac-amc/publications/transparency-transparence/arctic-arctique/arctic-policy-politique-arctique.aspx?lang=eng |